000 00656nam a2200253Ia 4500
003 GCL
008 140319s9999 xx 000 0 eng d
040 _aGCL /
_cGCL
082 0 4 _aCC
_b932
_bL C
100 1 _aLACAU, PIERRE
245 1 0 _aUNE CHAPELLE D'HATSHEPSOUT A'KARNAK TEXTE ET PLANCHES /
_cLACAU, PIERRE
700 1 _aCHEVRIER, HENRI
260 _a[S.N] :
_bSERVICE DES ANTIQUITES DE L'EGYPTE ،
_c1979
300 _a465
650 0 4 _aANCIENT EGYPT
650 0 4 _aHISTORY
650 0 4 _aART
650 0 4 _aART- EGYPT
650 0 4 _aARCHITECTURE
650 0 4 _aARCHAEOLOGY
650 0 4 _aEGYPTOLOGY
650 0 4 _aTEMPLES
942 _2ddc
_cBK
999 _c16003
_d16003